Bei welchem Verein haben diese beiden Spieler gespielt? - Statistiken

Allgemein
  • Dieses Quiz wurde 243 mal gespielt
  • Das Durchschnittsergebnis liegt bei 9 aus 16
Antwortstatistiken
Spieler 1 Verein Spieler 2 % Korrekt
Lionel Messi FC Barcelona Marc-Andre ter Stegen
100%
Ilkay Gündogan Borussia Dortmund Jude Bellingham
97%
Moussa Diaby Paris Saint-Germain Kevin Trapp
88%
Frank Lampard Manchester City Manuel Akanji
84%
Zlatan Ibrahimovic LA Galaxy Marco Reus
78%
Marquinhos AS Rom Antonio Rüdiger
74%
Angel Di Maria Juventus Turin Benedikt Höwedes
74%
David Alaba TSG 1899 Hoffenheim Roberto Firmino
69%
Julian Draxler Benfica Lissabon Jan Oblak
58%
Omar Marmoush FC St. Pauli Viktor Gyökeres
48%
Virgil van Dijk Celtic Glasgow Jeremie Frimpong
40%
Min-jae Kim Fenerbahce Istanbul Leonardo Bonucci
35%
Paulo Dybala US Palermo Edinson Cavani
31%
Alexis Mac Allister Boca Juniors Daniele De Rossi
23%
Robert Andrich Dynamo Dresden Maximilian Arnold
22%
Wesley Sneijder OGC Nizza William Saliba
16%
Keine übereinstimmenden Quizze gefunden
Verteilung der Resultate
Anzahl Personen mit jedem Resultat
Perzentil nach korrekt beantworteten Fragen
Ihre Resultats-Entwicklung
Sie haben dieses Quiz noch nicht gespielt